| 000 | 00564cam a2200181Ia 4500 | ||
|---|---|---|---|
| 020 | _a0590381970 (pbk.) | ||
| 020 | _a9780590381970 (pbk.) | ||
| 040 | _cCQF | ||
| 082 | _a823 SCH 1998 A097 Or. | ||
| 100 | 1 | _aKerr, Judith | |
| 245 | 1 | 0 | _aWhen Hitler stole pink rabbit / |
| 260 |
_aNew York : _bScholastic, _c1998, c1971 |
||
| 300 |
_a191 p. : _bill. ; _c20 cm |
||
| 520 | _aRecounts the adventures of a nine-year-old Jewish girl and her family in the early 1930's as they travel from Germany to England | ||
| 650 | 0 | _aJews | |
| 650 | 0 | _aFamilies | |
| 942 | _cEK | ||
| 999 |
_c16139 _d16139 |
||